| 000 | 00384nam a2200145 a 4500 | ||
|---|---|---|---|
| 005 | 20140513081056.0 | ||
| 008 | 070202s19uu xx 00 eng d | ||
| 050 |
_aP _bOUR 2001 |
||
| 245 |
_aPangunahing pangangailangannatin(Mga)= : _bOur basic needs. |
||
| 260 |
_bMabuhay Educational, _c2001. |
||
| 440 | _aTeacher's choice | ||
| 650 | _aNeeds- | ||
| 999 |
_c116518 _d116518 |
||